000 00647nam a22002177a 4500
003 UA-OsUOA
001 71875
007 ta
008 20101213b un ||||| |||| 00| 0 ukr d
100 _aПанченко В.
090 _a82
_bП16
942 _cSA
040 _aUA-OsUOA
_bukr
_cUA-OsUOA
_dUA-OsUOA
245 _a"Я знаю і люблю Шевченко..." (заочний "діалог" Миколи Гоголя і Тараса Шевченка)
300 _aС.14
955 _a0
041 _aukr
080 _a82
773 0 _w71873
650 7 _a82 Література. Літературознавство
_2UDC
999 _c358288
_d358288